Merz to Emigre and beyond: avant-garde magazine design of the twentieth century

Bibliographic Details
Main Author: Heller, Steven, 1950- (Author)
Format: Book
Language:English
PhysicalDescription:240 s. fareb. ilustr. 30 cm
Published: London Phaidon 2003
ISBN:0714839272
Edition:1st publ.
Subjects:

MARC

LEADER 00000nam a2200000 a 4500
001 vtls010102167
003 SK-MaSNL
005 20260301212926.0
008 240313s2003 xxko g f 001 0 eng
020 |a 0714839272  |q (viaz.) 
040 |a SNK  |b slo  |c SNK  |e AACR2 
041 0 |a eng 
044 |a xxk  |a xxu  |c GB  |c US 
072 7 |a 76  |x Grafické umenie. Grafika  |2 konspekt 
080 |a 76  |2 2001 
080 |a 766  |2 2001 
080 |a 766:655  |2 2001 
080 |a 050+070.48  |2 2001 
080 |a 7.05  |2 2001 
080 |a (084.11)  |2 2001 
100 1 |a Heller, Steven,  |d 1950-  |4 aut  |9 599159 
245 1 0 |a Merz to Emigre and beyond: avant-garde magazine design of the twentieth century  |c Steven Heller 
250 |a 1st publ. 
260 |a London  |b Phaidon  |c 2003 
300 |a 240 s.  |b fareb. ilustr.  |c 30 cm 
504 |a Obsahuje bibliogr. a reg. 
648 7 |a 20. stor.  |2 SNKPH  |9 275975 
650 0 7 |a grafika  |2 SNKPH  |9 814 
650 0 7 |a grafický dizajn  |2 SNKPH  |9 764 
650 0 7 |a komerčné umenie  |2 SNKPH  |9 133273 
650 0 7 |a periodiká  |x dizajn  |2 SNKPH  |9 599160 
655 7 |a obrazové publikácie  |2 SNKPH  |9 70343 
919 |a 0-7148-3927-2 
999 |c 919743  |d 921673 
952 |a SNK  |b SNK  |y VYP  |7 0  |p 17A0669891  |o snkIB 72308  |i snk2010/18673  |8 2  |g 47.00  |0 0  |1 0  |4 0  |d 2010-06-02  |l 0  |r 2026-02-24 08:12:00  |w 2026-02-24